000 00418nam a2200157Ia 4500
005 20250430034115.0
008 240331s9999 xx 000 0 und d
020 _a9559078038
082 _bWOM
_a891
100 _aMedia collective. ed
245 0 _aYuththa kalaththil pennkal
260 _aColombo
_bWomen & Media Collective
_c2002
300 _a117 p .,
500 _aA book of Sri Lankan Women's Poems
942 _cL
999 _c4358
_d4358